000 00856nam a2200229Ia 4500
003 GCL
008 140319s9999 xx 000 0 ara d
020 _a0093614977
040 _aGCL /
_cGCL
082 0 4 _a219.5
_bم ا
100 1 _aمحمد الغزالى
245 1 0 _aالاسلام المفترى عليه :
_bبين الشيوعيين والراسماليين /
_cمحمد الغزالى
260 _aالقاهرة :
_bنهضة مصر للطباعة والنشر والتوزيع ،
_c1997
300 _a199 ص ؛
_c24 سم
650 0 4 _aالاسلام
650 0 4 _aالاسلام والشيوعية
650 0 4 _aالاسلام والمذاهب الاقتصادية
650 0 4 _aالاقتصاد الاسلامى
650 0 4 _aالاسلام والاقتصاد
650 0 4 _aالاسلام والرأسمالية
942 _2ddc
_cBK
999 _c49806
_d49806